<?xml version="1.0" encoding="UTF-8"?><?xml-stylesheet type="text/xsl" href="static/style.xsl"?><OAI-PMH xmlns="http://www.openarchives.org/OAI/2.0/" xmlns:xsi="http://www.w3.org/2001/XMLSchema-instance" xsi:schemaLocation="http://www.openarchives.org/OAI/2.0/ http://www.openarchives.org/OAI/2.0/OAI-PMH.xsd"><responseDate>2026-04-17T07:39:12Z</responseDate><request verb="GetRecord" identifier="oai:www.recercat.cat:2445/210223" metadataPrefix="marc">https://recercat.cat/oai/request</request><GetRecord><record><header><identifier>oai:recercat.cat:2445/210223</identifier><datestamp>2025-12-04T20:53:23Z</datestamp><setSpec>com_2072_1057</setSpec><setSpec>col_2072_478796</setSpec><setSpec>col_2072_478917</setSpec></header><metadata><record xmlns="http://www.loc.gov/MARC21/slim" xmlns:dcterms="http://purl.org/dc/terms/" xmlns:xsi="http://www.w3.org/2001/XMLSchema-instance" xmlns:doc="http://www.lyncode.com/xoai" xsi:schemaLocation="http://www.loc.gov/MARC21/slim http://www.loc.gov/standards/marcxml/schema/MARC21slim.xsd">
   <leader>00925njm 22002777a 4500</leader>
   <datafield ind2=" " ind1=" " tag="042">
      <subfield code="a">dc</subfield>
   </datafield>
   <datafield ind2=" " ind1=" " tag="720">
      <subfield code="a">Alvarez-Coscojuela, Adrian</subfield>
      <subfield code="e">author</subfield>
   </datafield>
   <datafield ind2=" " ind1=" " tag="720">
      <subfield code="a">Mañosa Bover, Jofre</subfield>
      <subfield code="e">author</subfield>
   </datafield>
   <datafield ind2=" " ind1=" " tag="720">
      <subfield code="a">Formosa Mitjans, Joan</subfield>
      <subfield code="e">author</subfield>
   </datafield>
   <datafield ind2=" " ind1=" " tag="720">
      <subfield code="a">Chimenos Ribera, Josep Ma.</subfield>
      <subfield code="e">author</subfield>
   </datafield>
   <datafield ind2=" " ind1=" " tag="260">
      <subfield code="c">2024-04-19T16:03:45Z</subfield>
   </datafield>
   <datafield ind2=" " ind1=" " tag="260">
      <subfield code="c">2024-04-19T16:03:45Z</subfield>
   </datafield>
   <datafield ind2=" " ind1=" " tag="260">
      <subfield code="c">2024-03-13</subfield>
   </datafield>
   <datafield ind2=" " ind1=" " tag="260">
      <subfield code="c">2024-04-19T16:03:50Z</subfield>
   </datafield>
   <datafield ind2=" " ind1=" " tag="520">
      <subfield code="a">This study examines the structural evaluation of differently activated kaolins for potential use as supplementary cementitious materials (SCM) or as precursor for alternative cementitious materials (ACM). Chemical activation involved amorphizing the kaolinite structure using varying phosphoric acid concentrations, reaction times, and temperatures. Metakaolin obtained via thermal activation served as a comparison. Inductively Coupled Plasma – Optical Emission Spectroscopy (ICP-OES) characterization of the activating solutions revealed phosphoric acid activation leading to dealumination in kaolinite structures, with temperature emerging as the most significant parameter. X-ray diffraction (XRD) confirmed amorphization, attributed to the dealumination process causing Al loss and creating new Si–O–Si interlayered bonds, as monitored by 29Si magic-angle spinning nuclear magnetic resonance (MAS NMR) tracking the change from Q3 to Q4 environments. Furthermore, pozzolanic activity was assessed through Ca(OH)2 consumption and reaction heat release via modified Chapelle and R3 tests, respectively. Kaolinite subjected to intensive chemical activation exhibited high reactivity and increased specific surface area, indicating its potential as a pozzolanic material. Keywords: Kaolin; Chemical activation; Supplementary cementitious materials; Alternative cementitious materials; Dealumination; Pozzolanic reactivity.</subfield>
   </datafield>
   <datafield tag="653" ind2=" " ind1=" ">
      <subfield code="a">Àcid fosfòric</subfield>
   </datafield>
   <datafield tag="653" ind2=" " ind1=" ">
      <subfield code="a">Materials de construcció</subfield>
   </datafield>
   <datafield tag="653" ind2=" " ind1=" ">
      <subfield code="a">Ciment</subfield>
   </datafield>
   <datafield tag="653" ind2=" " ind1=" ">
      <subfield code="a">Phosphoric acid</subfield>
   </datafield>
   <datafield tag="653" ind2=" " ind1=" ">
      <subfield code="a">Building materials</subfield>
   </datafield>
   <datafield tag="653" ind2=" " ind1=" ">
      <subfield code="a">Cement</subfield>
   </datafield>
   <datafield ind2="0" ind1="0" tag="245">
      <subfield code="a">Structural characterisation and reactivity measurement of chemically activated kaolinite</subfield>
   </datafield>
</record></metadata></record></GetRecord></OAI-PMH>